Data Visualization (Record no. 339402)

MARC details
000 -LEADER
fixed length control field 00458nam a2200169Ia 4500
008 - FIXED-LENGTH DATA ELEMENTS--GENERAL INFORMATION
fixed length control field 230718s9999 xx 000 0 und d
020 ## - INTERNATIONAL STANDARD BOOK NUMBER
International Standard Book Number 9789351107811
041 ## - LANGUAGE CODE
Language code of text/sound track or separate title eng
082 ## - DEWEY DECIMAL CLASSIFICATION NUMBER
Classification number 006.6
Item number KIR
100 ## - MAIN ENTRY--PERSONAL NAME
Personal name Kirk A.
9 (RLIN) 197463
245 ## - TITLE STATEMENT
Title Data Visualization
Remainder of title A Successful Design Process
260 ## - PUBLICATION, DISTRIBUTION, ETC. (IMPRINT)
Date of publication, distribution, etc. 2014
Name of publisher, distributor, etc. Packt/SPD
300 ## - PHYSICAL DESCRIPTION
Extent 189
365 ## - TRADE PRICE
Currency code Rs.
Price amount 400.00
700 ## - ADDED ENTRY--PERSONAL NAME
Personal name Kirk A.
9 (RLIN) 197463
906 ## - LOCAL DATA ELEMENT F, LDF (RLIN)
d O:0449416-May-2015B:762213-Apr-2015
c COMP
b 92
Holdings
Withdrawn status Lost status Damaged status Not for loan Home library Current library Date acquired Vendor Budget Code Cost, normal purchase price Bill number Total Checkouts Full call number Barcode Date last seen Discount Cost, replacement price Bill Date Koha item type Original Barcode
        Cummins College of Engineering for Women Pune Cummins College of Engineering for Women Pune 16/05/2015 Technical Book Services COMP 308.00 7622   006.6 CCEP-BK-50609 18/07/2023 92 400.00 13/04/2015 Books 050609